| 000 | 00982nam a22003017a 4500 | ||
|---|---|---|---|
| 001 | BR8501775 | ||
| 003 | BR-BrBNA | ||
| 005 | 20230928092130.0 | ||
| 007 | ta | ||
| 008 | 230509b bl.||||| |||| 00| 0 por d | ||
| 040 |
_aBR-BrBNA _bpor _cBiblioteca Nacional de Agricultura |
||
| 041 | _a(Por) | ||
| 072 |
_aL73 _b5212 _b4150 |
||
| 090 | _ 5212 BR8501775 | ||
| 100 | 1 | _aGalvao, C. de L. | |
| 110 | 1 |
_aUniversidade Federal de Minas Gerais, Belo Horizonte (Brasil). Escola de Veterinaria _0Tese (Mestrado) |
|
| 245 | 1 | _aDiagnostico da infeccao genital do herpesvirus bovino 1 (HVB 1)pelos metodos de isolamento e imunofluorescencia direta | |
| 260 | 3 |
_aBelo Horizonte, MG (Brasil): _c1984. |
|
| 300 | _a51 p. | ||
| 500 | _aBibliography p. 33-42 (77 ref.); Summary (Por); 4 tables | ||
| 650 | _aBOVINO | ||
| 650 | _aDIAGNOSTICO | ||
| 650 | _aINFECCAO | ||
| 650 | _aIMUNOFLUORESCENCIA | ||
| 650 | _aVULVOVAGINITE | ||
| 909 |
_a202309 _bLucia _c55 _dLucia Elande |
||
| 942 | _cBK | ||
| 999 |
_c37304 _d37304 |
||